Manual de elementos de derecho del trabajo y de la seguridad social (Registro nro. 4807)

Detalles MARC
000 -LEADER
fixed length control field 02265 a2200265 4500
001 - CONTROL NUMBER
control field 49336
005 - DATE AND TIME OF LATEST TRANSACTION
control field 20260407155756.0
008 - FIXED-LENGTH DATA ELEMENTS--GENERAL INFORMATION
fixed length control field 260407a2019 arg spa d
003 - CONTROL NUMBER IDENTIFIER
control field AR-UNSa-BCEJYS
040 ## - CATALOGING SOURCE
Original cataloging agency AR-UNSa-BCEJYS
Language of cataloging spa
Transcribing agency AR-UNSa-BCEJYS
080 ## - UNIVERSAL DECIMAL CLASSIFICATION NUMBER
Universal Decimal Classification number 349.2
Common auxiliary subdivision Derecho del Trabajo
020 ## - INTERNATIONAL STANDARD BOOK NUMBER
International Standard Book Number 978-987-30-0771-2
041 ## - LANGUAGE CODE
Language code of text/sound track or separate title spa
100 1# - MAIN ENTRY--PERSONAL NAME
Personal name Ackerman, Mario E.
245 10 - TITLE STATEMENT
Title Manual de elementos de derecho del trabajo y de la seguridad social
264 #1 - PRODUCTION, PUBLICATION, DISTRIBUTION, MANUFACTURE, AND COPYRIGHT NOTICE
Place of production, publication, distribution, manufacture Santa Fe :
Name of producer, publisher, distributor, manufacturer Rubinzal-Culzoni Editores
Date of production, publication, distribution, manufacture, or copyright notice 2019
300 ## - PHYSICAL DESCRIPTION
Extent 888 p.
Dimensions 22 cm.
505 ## - FORMATTED CONTENTS NOTE
Formatted contents note Primera Parte: TEORÍA GENEREAL DEL DERECHO DEL TRABAJO: 1. El trabajo y el derecho del trabajo - 2. Los sujetos del derecho del trabajo - 3. Los principios en el derecho del trabajo - 4. Medios técnico-jurídico - 5. El sistema de fuentes del derecho del trabajo - 6. Derecho internacional del trabajo - - Segunda Parte: DERECHO DE LAS RELACIONES INDIVIDUALES DE TRABAJO: 7. El contrato de trabajo - 8. Duración del contrato y continuidad de las prestaciones recíprocas - 9. Objeto, forma y prueba del contrato de trabajo - 10. Los sujetos del contrato de trabajo - 11. Contrato de trabajo de los menores de edad - 12. Contrato de trabajo de las mujeres - 13. Derecho y deberes de las partes - 14. El salario - 15. Jornada de trabajo - 16. Pausas, descansos y licencias - 17. La suspensión en el contrato de trabajo - 18. La salud del trabajador y el contrato de trabajo - 19. Terminación del contrato de trabajo - 20. Prescripción y caducidad de créditos laborales - - Tercera Parte: DERECHO DE LAS RELACIONES COLECTIVAS DE TRABAJO: 21. Libertad sindical - 22. El sistema sindical Argentino y la libertad sindical. Ordenamiento positivo. Funcionamiento y estado actual del debate - 23. Negociación colectiva - 24. Conflictos colectivos de trabajo - - Cuarta Parte: DERECHO DE LA SEGURIDAD SOCIAL: 25. Seguridad social - 26. Instituciones jurídicas de la seguridad social - 27. La seguridad social en la Argentina.
590 ## - LOCAL NOTE (RLIN)
Local note niveau_biblio:m niveau_hierar:0
700 1# - ADDED ENTRY--PERSONAL NAME
Personal name Maza, Miguel Ángel
700 1# - ADDED ENTRY--PERSONAL NAME
Personal name Sudera, Alejandro
700 1# - ADDED ENTRY--PERSONAL NAME
Personal name Tula, Diego J.
856 41 - ELECTRONIC LOCATION AND ACCESS
Uniform Resource Identifier <a href="https://www.biblioeco.unsa.edu.ar/pmb/images/libros/L128012.jpg">https://www.biblioeco.unsa.edu.ar/pmb/images/libros/L128012.jpg</a>
Link text Imagen de portada
Electronic format type image/jpeg
942 ## - ADDED ENTRY ELEMENTS (KOHA)
Koha item type
Existencias
Withdrawn status Lost status Damaged status Not for loan Home library Current library Shelving location Date acquired Total checkouts Full call number Barcode Date last seen Price effective from Koha item type Public note
        Biblioteca Prof. Eusebio Cleto del Rey Biblioteca Prof. Eusebio Cleto del Rey   07/04/2026   349.2 A182 L128012 07/04/2026 07/04/2026 Libro PARTIDO EN PÁG 448 Y 480 - CANTO SUPERIOR CON LINEA ROJA
        Biblioteca Prof. Eusebio Cleto del Rey Biblioteca Prof. Eusebio Cleto del Rey   07/04/2026   349.2 A182 L128013 07/04/2026 07/04/2026 Libro